000 00888nmc a2200313 a 4500
003 AR-BaBNM
005 20251128203933.0
008 155019s1981 ||||||||||||||000 | spa||
020 _a84-7046-268-7
040 _cAR-BaBNM
100 1 _aBalbín N. de Prado, Rafael
245 1 0 _aTres autores neoclásicos
_bCadalso, Jovellanos y L.F. Moratín
260 _aMadrid
_bCincel
_c1981
300 0 _a80 p.
490 0 _aCuadernos de estudio. Literatura
600 1 4 _aCadalso, José De
_d1741-1782
600 1 4 _aJovellanos, Gaspar Melchor De
600 1 4 _aFernández de Moratin, Leandro
650 4 _aLITERATURA ESPANOLA
650 4 _aPOESIAS
650 4 _aCOMEDIA
650 4 _aCRITICA LITERARIA
653 0 _aNEOCLASICISMO
655 _aLITERATURA
800 1 _aMarín, Marcos F.
_ecoordinador
800 1 _aBasanta, Angel
_ecoordinador
942 _cBK
998 _cCarmen
999 _c5539
_d5539